Volley: Pays Champions d'Afrique (Hommes et Femmes) - Statistiques

Statistiques générales
  • Ce quiz a été pris 38 fois
  • Le résultat moyen est 4 sur 6
Statistiques - réponses
Réponse % Correct
Egypte
94%
Algérie
91%
Tunisie
91%
Cameroun
71%
Kenya
49%
Seychelles
14%
Aucun quiz correspondant
Distribution des résultats
% des personnes avec chaque résultat
Percentile par nombre de réponses
Votre historique - résultats
Vous n’avez pas pris ce quiz